| 000 | 00000nam##2200000za#4500 |
| 001 | 9.642231 |
| 003 | CaOODSP |
| 005 | 20210624223611 |
| 007 | cr ||||||||||| |
| 008 | 150407|1977||||xxc|||||o f|0| 0 fre|d |
| 040 | |aCaOODSP|bfre |
| 043 | |an-cn--- |
| 086 | 1 |aA53-1572/1977F-PDF |
| 110 | 1 |aCanada.|bAgriculture Canada. |bDirection générale de recherche. |
| 245 | 10|aTransformation et manutention des provendes à la ferme / |h[ressource électronique]|c[par] A. Protz. |
| 260 | |aOttawa - Ontario : |bAgriculture Canada. |c1977. |
| 300 | |a52p.|bfigures, graphiques, tableaux, photographies |
| 500 | |aPublication historique numérisée par Agriculture et Agroalimentaire Canada. « Publication fédérale/provinciale Canada/Saskatchewan »--p. 3 de 52. |
| 590 | |a13-17-Supp|b2013-07-25 |
| 691 | 07|aAlimentation animale|2gcpds |
| 691 | 07|aExploitation agricole|2gcpds |
| 775 | 08|tFarm feed processing and handling / |w(CaOODSP)9.697679 |
| 856 | 40|ahttp://publications.gc.ca|qPDF|s3.12 Mo|uhttps://publications.gc.ca/collections/collection_2013/aac-aafc/agrhist/A53-1572-1977-fra.pdf |
| 986 | |a1572 |